00329nam a2200109Ia 4500008004100000082000800041100001700049245003700066942000600103952009500109999001500204240331s9999 xx 000 0 und d bSAM aSaminatha, V 0aSila kalaiaalumaigal,padaippugal cL 001040708LaWERCLbWERCLcSSCd2024-03-31l0o 809 SAMp5600r2024-03-31w2024-03-31yL c3679d3679